| 000 | 00930nam a2200301 a 4500 | ||
|---|---|---|---|
| 001 | 000110151 | ||
| 003 | CHAP | ||
| 005 | 20220329144120.0 | ||
| 008 | 140728s2007 mx | |r| ||1|||spa|d | ||
| 010 | _a106613 | ||
| 011 | _a107585 | ||
| 020 | _a9789707531352 | ||
| 040 | _cCHAP | ||
| 082 | 0 | 4 |
_a340.11 _bE56 |
| 111 | 2 | 0 |
_aEncuentro de jueces indigenas _n(1 : _d2006 : _cMéxico, D.F.) _9127566 |
| 245 | 1 | 0 | _aMemoria del primer encuentro de jueces indígenas. |
| 260 | 3 |
_aMéxico, D.F. : _bComisión Nacional para el desarrollo de los pueblos indígenas, _c2007. |
|
| 300 | _a351 p. | ||
| 590 |
_aBATCH-UPD _b05 _c20140728 _lUCH01 _h0938 |
||
| 590 |
_aE792CSJ _b05 _c20140728 _lUCH01 _h0938 |
||
| 590 |
_aE792CSJ _b05 _c20140728 _lUCH01 _h0938 |
||
| 650 | 1 | 4 |
_aIgualdad ante la ley. _9127568 |
| 650 | 1 | 4 |
_aIndios _xLeyes. _957579 |
| 650 | 1 | 4 |
_aJusticia _xAdministración. _962543 |
| 901 | _aBK | ||
| 942 | _cLIBRO | ||
| 942 | _n0 | ||
| 999 |
_c106613 _d106613 |
||